| 000 | 00361nam a2200145Ia 4500 | ||
|---|---|---|---|
| 008 | 230312s9999||||xx |||||||||||||| ||und|| | ||
| 020 | _a978-1118711644 | ||
| 082 |
_a771.33 _bSIL-C |
||
| 100 | _aSillars;Rosh | ||
| 245 | 0 | _aCanon EOS Rebel T5i/700D:Digital Field Guide | |
| 260 |
_bWiley _aUSA _c2013 |
||
| 300 | _a274 | ||
| 650 |
_aComputer _vART |
||
| 942 | _cBK | ||
| 999 |
_c14161 _d14161 |
||